[Event "Mittelfranken Landesliga Sued 2223"]
[Site "Mittelfranken"]
[Date "2023.04.23"]
[Round "9.4"]
[White "Bintakies, Michael"]
[Black "Bensch, Patrick"]
[Result "1-0"]
[WhiteElo "2112"]
[BlackElo "2119"]
[PlyCount "75"]
[EventDate "2022.10.09"]
[EventType "team-tourn"]
[EventRounds "9"]
[EventCountry "GER"]
[SourceTitle "EXT 2024"]
[Source "ChessBase"]
[SourceDate "2023.10.10"]
[SourceVersion "1"]
[SourceVersionDate "2023.10.10"]
[SourceQuality "1"]
[WhiteTeam "Kriegshaber"]
[BlackTeam "Rottal Inn"]
[WhiteTeamCountry "GER"]
[BlackTeamCountry "GER"]

1. d4 Nf6 2. c4 g6 3. Nc3 d5 4. Bf4 Bg7 5. e3 0-0 6. Rc1 c6 7. h3 dxc4 8. Bxc4 Nbd7 9. Nf3 Nb6 10. Be2 Bf5 11. 0-0 Ne4 12. g4 Nxc3 13. bxc3 Be6 14. c4 c5 15. d5 Bd7 16. Qd2 Na4 17. Bd1 a6 18. Ne5 Be8 19. Rb1 Qc8 20. Bxa4 Bxa4 21. Qa5 Bc2 22. Rb2 Bxe5 23. Rxc2 Bxf4 24. exf4 h5 25. f3 Qb8 26. Qd2 h4 27. Re1 Qd6 28. Re5 b5 29. Qe3 Ra7 30. f5 f6 31. Re6 Qg3+ 32. Rg2 Qxh3 33. fxg6 Kg7 34. Rxe7+ Rxe7 35. Qxe7+ Kxg6 36. Qxf8 Qxf3 37. Qg8+ Kh6 38. g5+ 1-0

[Event "Mittelfranken Landesliga Sued 2122"]
[Site "Mittelfranken"]
[Date "2022.03.20"]
[Round "4.3"]
[White "Feierlein, Robert"]
[Black "Bintakies, Michael"]
[Result "1/2-1/2"]
[WhiteElo "2043"]
[BlackElo "2121"]
[PlyCount "135"]
[EventDate "2021.10.24"]
[EventType "team-tourn"]
[EventRounds "9"]
[EventCountry "GER"]
[SourceTitle "EXT 2024"]
[Source "ChessBase"]
[SourceDate "2023.10.10"]
[SourceVersion "1"]
[SourceVersionDate "2023.10.10"]
[SourceQuality "1"]
[WhiteTeam "Groebenzell II"]
[BlackTeam "Kriegshaber"]
[WhiteTeamCountry "GER"]
[BlackTeamCountry "GER"]

1. e4 c6 2. c4 d5 3. cxd5 cxd5 4. exd5 Nf6 5. Nf3 Nxd5 6. d4 Nc6 7. Be2 g6 8. 0-0 Bg7 9. Nc3 0-0 10. h3 b6 11. Bg5 h6 12. Be3 Bb7 13. Qd2 Kh7 14. Rfd1 Rc8 15. Rac1 Na5 16. b3 Qd6 17. Ne5 Nxc3 18. Rxc3 Rxc3 19. Qxc3 Rc8 20. Qd2 Be4 21. Rc1 Rxc1+ 22. Qxc1 Bxe5 23. dxe5 Qxe5 24. Bf1 g5 25. Bd2 Bg6 26. h4 f6 27. Bc3 Qd6 28. hxg5 hxg5 29. Qe3 Nc6 30. Bb5 Ne5 31. Qh3+ Kg7 32. Be2 Qd5 33. Qc8 Qe4 34. Bf1 Ng4 35. Qc7 Qf4 36. Qxf4 gxf4 37. f3 Nh6 38. Kf2 e5 39. Bb4 Nf5 40. Bd3 Nd4 41. Bc4 Bb1 42. a3 Ba2 43. Bc3 f5 44. Bxd4 exd4 45. Ke2 a5 46. Kd3 b5 47. Bxb5 Bxb3 48. Kxd4 Kf6 49. Bc4 Bxc4 50. Kxc4 Ke5 51. Kc5 a4 52. Kc4 Ke6 53. Kb4 Kd5 54. Kxa4 Kd4 55. Kb4 Ke3 56. a4 Kf2 57. a5 Kxg2 58. a6 Kxf3 59. a7 Ke2 60. a8Q f3 61. Qa6+ Ke1 62. Qe6+ Kf1 63. Qxf5 f2 64. Kc3 Kg2 65. Qg4+ Kh2 66. Qf3 Kg1 67. Qg3+ Kh1 68. Qxf2 1/2-1/2

[Event "San Cristobal de La Laguna op 2nd"]
[Site "San Cristobal de la Laguna"]
[Date "2019.09.08"]
[Round "9"]
[White "Abreu Suarez, Isauro"]
[Black "Bintakies, Michael"]
[Result "0-1"]
[WhiteElo "1942"]
[BlackElo "2166"]
[PlyCount "74"]
[EventDate "2019.08.31"]
[EventType "swiss"]
[EventRounds "9"]
[EventCountry "ESP"]
[SourceTitle "EXT 2020"]
[Source "ChessBase"]
[SourceDate "2019.10.17"]
[SourceVersion "1"]
[SourceVersionDate "2019.10.17"]
[SourceQuality "1"]

1. e4 d5 2. Nc3 dxe4 3. Nxe4 Nf6 4. Nxf6+ exf6 5. d4 Bd6 6. Bd3 0-0 7. Be3 Re8 8. Qf3 c6 9. Ne2 Be6 10. 0-0 Qd7 11. h3 Bd5 12. Qh5 g6 13. Qh4 f5 14. Nc3 Be6 15. Rad1 Qc7 16. Rfe1 Nd7 17. Bg5 h5 18. d5 Bxd5 19. Nxd5 cxd5 20. Bb5 Re4 21. Rxe4 dxe4 22. Be7 Bh2+ 23. Kh1 Nb6 24. g3 Qxc2 25. Rf1 a6 26. Bf6 axb5 27. Bd4 Nd5 28. Kg2 Qd2 29. Bc3 Nxc3 30. bxc3 Qxc3 31. Kxh2 Rxa2 32. Kg1 b4 33. g4 hxg4 34. hxg4 fxg4 35. Rd1 Ra1 36. Qxg4 Rxd1+ 37. Qxd1 b3 0-1

[Event "San Cristobal de La Laguna op 2nd"]
[Site "San Cristobal de la Laguna"]
[Date "2019.09.02"]
[Round "3"]
[White "Mamani Beltran, Deniman"]
[Black "Bintakies, Michael"]
[Result "1/2-1/2"]
[WhiteElo "1876"]
[BlackElo "2166"]
[PlyCount "61"]
[EventDate "2019.08.31"]
[EventType "swiss"]
[EventRounds "9"]
[EventCountry "ESP"]
[SourceTitle "EXT 2020"]
[Source "ChessBase"]
[SourceDate "2019.10.17"]
[SourceVersion "1"]
[SourceVersionDate "2019.10.17"]
[SourceQuality "1"]

1. e4 d5 2. exd5 Qxd5 3. Nc3 Qd8 4. d4 Nf6 5. Nf3 Bg4 6. h3 Bxf3 7. Qxf3 c6 8. Be3 e6 9. a3 Bd6 10. g4 Nbd7 11. Bc4 Qc7 12. h4 Nb6 13. Bb3 Nbd5 14. g5 Nd7 15. Ne4 Nxe3 16. Nxd6+ Qxd6 17. fxe3 0-0-0 18. 0-0-0 f6 19. Qg4 Rhe8 20. gxf6 gxf6 21. Rhg1 f5 22. Qf3 Nf6 23. Rg7 Rg8 24. Rdg1 Rxg7 25. Rxg7 Rd7 26. Qg3 Qxg3 27. Rxg3 Re7 28. Rg5 Kd7 29. Kd1 Ne4 30. Rg8 Nd6 31. Ke2 1/2-1/2

[Event "Landesliga Sued 1819"]
[Site "Bayern"]
[Date "2018.11.11"]
[Round "2.2"]
[White "Pieper, Thomas"]
[Black "Bintakies, Michael"]
[Result "1/2-1/2"]
[WhiteElo "2217"]
[BlackElo "2165"]
[PlyCount "89"]
[EventDate "2018.10.21"]
[EventType "team-tourn"]
[EventRounds "9"]
[EventCountry "GER"]
[SourceTitle "EXT 2022"]
[Source "ChessBase"]
[SourceDate "2021.10.06"]
[SourceVersion "1"]
[SourceVersionDate "2021.10.06"]
[SourceQuality "1"]
[WhiteTeam "Groebenzell"]
[BlackTeam "Kriegshaber SK"]
[WhiteTeamCountry "GER"]
[BlackTeamCountry "GER"]

1. e4 d5 2. exd5 Qxd5 3. Nf3 Bg4 4. Be2 Nc6 5. d4 0-0-0 6. c4 Qh5 7. Be3 Nh6 8. h3 Nf5 9. Bd2 Nh4 10. Nxh4 Bxe2 11. Qxe2 Qxh4 12. d5 Nd4 13. Qd3 e6 14. g3 Qf6 15. Bc3 Qf3 16. Qxf3 Nxf3+ 17. Ke2 Ng5 18. h4 Ne4 19. dxe6 Nxc3+ 20. Nxc3 Re8 21. Kf3 Rxe6 22. Rhe1 Rxe1 23. Rxe1 Bb4 24. Re3 Bxc3 25. Rxc3 Rd8 26. Re3 Rd2 27. Re7 Rd7 28. Re8+ Rd8 29. Re7 Rd7 30. Re8+ Rd8 31. Rxd8+ Kxd8 32. g4 Ke7 33. Ke4 Kd6 34. f4 Ke6 35. b4 g6 36. g5 c6 37. a4 b6 38. Kd4 Kd6 39. Ke4 c5 40. b5 Ke6 41. Kf3 Kf5 42. Ke3 f6 43. Kf3 Ke6 44. Ke4 f5+ 45. Ke3 1/2-1/2

[Event "Landesliga Sued 1819"]
[Site "Bayern"]
[Date "2018.10.21"]
[Round "1.2"]
[White "Bintakies, Michael"]
[Black "Meier, Volker"]
[Result "0-1"]
[WhiteElo "2165"]
[BlackElo "2239"]
[PlyCount "96"]
[EventDate "2018.10.21"]
[EventType "team-tourn"]
[EventRounds "9"]
[EventCountry "GER"]
[SourceTitle "EXT 2022"]
[Source "ChessBase"]
[SourceDate "2021.10.06"]
[SourceVersion "1"]
[SourceVersionDate "2021.10.06"]
[SourceQuality "1"]
[WhiteTeam "Kriegshaber SK"]
[BlackTeam "Muenchen Tarrasch"]
[WhiteTeamCountry "GER"]
[BlackTeamCountry "GER"]

1. d4 Nf6 2. Bf4 g6 3. e3 Bg7 4. Nf3 d6 5. Be2 0-0 6. 0-0 c5 7. c3 b6 8. h3 Bb7 9. Nbd2 Nbd7 10. a4 a6 11. Bh2 Qc7 12. Qb3 cxd4 13. exd4 e5 14. dxe5 dxe5 15. Rfe1 Rfe8 16. Bc4 Nc5 17. Qc2 Nd5 18. b4 Ne6 19. Nxe5 Qe7 20. Rad1 Rad8 21. Ndf3 Qf6 22. Bxd5 Bxd5 23. c4 Bb7 24. Rxd8 Rxd8 25. Rd1 Ng5 26. Rxd8+ Qxd8 27. Qd2 Nxf3+ 28. Nxf3 Qxd2 29. Nxd2 Bc3 30. Nb3 Bxb4 31. Bc7 Bc6 32. a5 bxa5 33. Bxa5 Ba3 34. Bb6 Kf8 35. Kf1 Ke8 36. g3 Ba4 37. Nd4 Kd7 38. Ke2 Kd6 39. h4 Bc5 40. Bxc5+ Kxc5 41. Kd3 Kb4 42. f4 a5 43. g4 Bd7 44. g5 Bf5+ 45. Kd2 Kxc4 46. Nc6 a4 47. Kc1 a3 48. Ne7 Be4 0-1

[Event "Landesliga Sued 1617"]
[Site "Bayern"]
[Date "2017.02.19"]
[Round "6.4"]
[White "Bintakies, Michael"]
[Black "Schmid, Franz"]
[Result "1-0"]
[WhiteElo "2133"]
[BlackElo "2160"]
[PlyCount "79"]
[EventDate "2016.10.16"]
[EventType "team-tourn"]
[EventRounds "9"]
[EventCountry "GER"]
[SourceTitle "EXT 2019"]
[Source "ChessBase"]
[SourceDate "2018.10.10"]
[SourceVersion "1"]
[SourceVersionDate "2018.10.10"]
[SourceQuality "1"]
[WhiteTeam "Kriegshaber"]
[BlackTeam "Roehrnbach"]
[WhiteTeamCountry "GER"]
[BlackTeamCountry "GER"]

1. d4 d5 2. Bf4 Nf6 3. e3 g6 4. Nd2 Bg7 5. h3 c5 6. c3 Qb6 7. Qb3 Nc6 8. Ngf3 0-0 9. Be2 Nd7 10. 0-0 Qxb3 11. axb3 e5 12. dxe5 Ndxe5 13. Nxe5 Bxe5 14. Bxe5 Nxe5 15. Nf3 f6 16. Rfd1 Be6 17. b4 cxb4 18. Nd4 Kf7 19. cxb4 a6 20. b5 axb5 21. Bxb5 Ke7 22. Rac1 Rfc8 23. Rxc8 Bxc8 24. Rc1 Kd6 25. f4 Nd7 26. Be2 Nb6 27. Nb5+ Kd7 28. Rc7+ Kd8 29. Rxh7 Ra2 30. Nd6 Rxb2 31. Bf3 Nc4 32. Rh8+ Kd7 33. Nxc8 Nxe3 34. Na7 Kc7 35. Rc8+ Kd7 36. Rc3 d4 37. Rd3 Rb4 38. Kf2 Kc7 39. Rxd4 Rb3 40. Nb5+ 1-0

[Event "Landesliga Sued 1617"]
[Site "Bayern"]
[Date "2017.02.05"]
[Round "5.3"]
[White "Bintakies, Michael"]
[Black "Billing, Christian"]
[Result "1/2-1/2"]
[WhiteElo "2133"]
[BlackElo "2150"]
[PlyCount "101"]
[EventDate "2016.10.16"]
[EventType "team-tourn"]
[EventRounds "9"]
[EventCountry "GER"]
[SourceTitle "EXT 2019"]
[Source "ChessBase"]
[SourceDate "2018.10.10"]
[SourceVersion "1"]
[SourceVersionDate "2018.10.10"]
[SourceQuality "1"]
[WhiteTeam "Kriegshaber"]
[BlackTeam "Dillingen"]
[WhiteTeamCountry "GER"]
[BlackTeamCountry "GER"]

1. d4 g6 2. e4 Bg7 3. Nf3 d6 4. c3 Nf6 5. Bd3 0-0 6. 0-0 c6 7. a4 Qc7 8. Nbd2 Nbd7 9. Re1 e5 10. dxe5 dxe5 11. Nc4 Nh5 12. Be3 Rd8 13. Qc2 Nf8 14. a5 h6 15. Red1 c5 16. Be2 Be6 17. g3 Rxd1+ 18. Qxd1 Rd8 19. Nfd2 Nf6 20. f3 Ne8 21. Qa4 Bd7 22. Qc2 Ne6 23. Bf2 Bc6 24. Nf1 Qe7 25. Nfe3 N8c7 26. Rd1 h5 27. Rxd8+ Qxd8 28. Qd1 f6 29. Qxd8+ Nxd8 30. Nd6 Bf8 31. Bc4+ Kg7 32. Nc8 a6 33. Nd5 Nce6 34. Ncb6 Bd6 35. Bb3 Bf8 36. Kf1 Ng5 37. Kg2 Nge6 38. Be3 Bb5 39. Kf2 Nc6 40. c4 Nxa5 41. cxb5 Nxb3 42. bxa6 bxa6 43. Nd7 c4 44. Nxf8 Nxf8 45. Nb6 Ne6 46. Nxc4 Kf7 47. Ke2 Ned4+ 48. Bxd4 Nxd4+ 49. Ke3 Ke6 50. f4 Nc6 51. h3 1/2-1/2

[Event "Landesliga Sued 1617"]
[Site "Bayern"]
[Date "2017.01.15"]
[Round "4.3"]
[White "Trapp, Maximilian"]
[Black "Bintakies, Michael"]
[Result "0-1"]
[WhiteElo "2155"]
[BlackElo "2133"]
[PlyCount "112"]
[EventDate "2016.10.16"]
[EventType "team-tourn"]
[EventRounds "9"]
[EventCountry "GER"]
[SourceTitle "EXT 2019"]
[Source "ChessBase"]
[SourceDate "2018.10.10"]
[SourceVersion "1"]
[SourceVersionDate "2018.10.10"]
[SourceQuality "1"]
[WhiteTeam "Freising"]
[BlackTeam "Kriegshaber"]
[WhiteTeamCountry "GER"]
[BlackTeamCountry "GER"]

1. d4 e6 2. Nf3 d5 3. Bf4 Nf6 4. e3 Bd6 5. Ne5 0-0 6. Nd2 c5 7. c3 Nc6 8. Bg3 Qc7 9. f4 Ne4 10. Nxe4 dxe4 11. Be2 b6 12. 0-0 Bb7 13. Nc4 f5 14. Nxd6 Qxd6 15. Qb3 cxd4 16. cxd4 Na5 17. Qd1 Rfc8 18. b3 Rc7 19. Qd2 Rac8 20. Rfc1 Qa3 21. Rxc7 Rxc7 22. Rb1 Bd5 23. Be1 Qf8 24. Rc1 Qc8 25. Rxc7 Qxc7 26. g4 Nb7 27. Qb2 a5 28. Qc3 Qxc3 29. Bxc3 Kf7 30. Kf2 Nd6 31. h3 g6 32. Ke1 Bc6 33. a4 Bd5 34. Bd1 Ke7 35. Kd2 fxg4 36. hxg4 h5 37. gxh5 gxh5 38. b4 Nc4+ 39. Ke2 axb4 40. Bxb4+ Kf6 41. Be1 Nb2 42. Bc2 Kf5 43. Kf1 Bc6 44. Bc3 Bxa4 45. Bxb2 Bxc2 46. Kg2 Kg4 47. d5 exd5 48. Bd4 b5 49. Bc5 Bd1 50. Kh2 Bf3 51. Bd6 d4 52. exd4 e3 53. f5 Kxf5 54. Kg3 Ke4 55. Bc5 Bg4 56. d5 e2 0-1

[Event "Landesliga Sued 1617"]
[Site "Bayern"]
[Date "2016.10.16"]
[Round "1.4"]
[White "Krstic, Petar"]
[Black "Bintakies, Michael"]
[Result "1/2-1/2"]
[WhiteElo "2334"]
[BlackElo "2133"]
[PlyCount "120"]
[EventDate "2016.10.16"]
[EventType "team-tourn"]
[EventRounds "9"]
[EventCountry "GER"]
[SourceTitle "EXT 2019"]
[Source "ChessBase"]
[SourceDate "2018.10.10"]
[SourceVersion "1"]
[SourceVersionDate "2018.10.10"]
[SourceQuality "1"]
[WhiteTeam "Deggendorf"]
[BlackTeam "Kriegshaber"]
[WhiteTeamCountry "GER"]
[BlackTeamCountry "GER"]

1. Nf3 d5 2. c4 c6 3. b3 Bf5 4. e3 e6 5. Bb2 Nd7 6. Be2 h6 7. 0-0 Ngf6 8. Nc3 Be7 9. a3 0-0 10. b4 Ne4 11. d3 Nxc3 12. Bxc3 Bf6 13. Qb3 dxc4 14. dxc4 Bxc3 15. Qxc3 Qf6 16. Qd4 Rfd8 17. Rfd1 Qxd4 18. Nxd4 Be4 19. f3 Bg6 20. Ra2 Kf8 21. Rad2 Ke7 22. Nb3 b6 23. c5 e5 24. e4 f6 25. Bc4 Nf8 26. Rd6 Rxd6 27. cxd6+ Kd7 28. b5 Rd8 29. a4 c5 30. a5 Ne6 31. axb6 axb6 32. Ra1 Kxd6 33. Ra6 Rb8 34. Bxe6 Kxe6 35. Nxc5+ Kd6 36. Na4 Kc7 37. Ra7+ Rb7 38. Ra8 Rb8 39. Rxb8 Kxb8 40. Nxb6 Be8 41. Nd5 Bxb5 42. Kf2 Bd7 43. f4 Bc6 44. fxe5 fxe5 45. Kf3 Be8 46. Ne3 Bh5+ 47. g4 Bf7 48. Nf5 g5 49. Nxh6 Bb3 50. Nf5 Kc7 51. Ne3 Kd6 52. Kg3 Kc5 53. Nf5 Bc2 54. Nh6 Bb3 55. h4 gxh4+ 56. Kxh4 Bc2 57. Nf7 Kd4 58. Kg5 Bxe4 59. Kf6 Bf3 60. Nxe5 Bxg4 1/2-1/2

[Event "GER-chT Betriebe 15th"]
[Site "Munich"]
[Date "2015.10.23"]
[Round "4.1"]
[White "Bintakies, Michael"]
[Black "Telljohann, Sven"]
[Result "1/2-1/2"]
[WhiteElo "2190"]
[BlackElo "2404"]
[PlyCount "98"]
[EventDate "2015.10.22"]
[EventType "team-swiss"]
[EventRounds "7"]
[EventCountry "GER"]
[SourceTitle "EXT 2020"]
[Source "ChessBase"]
[SourceDate "2019.10.17"]
[SourceVersion "1"]
[SourceVersionDate "2019.10.17"]
[SourceQuality "1"]
[WhiteTeam "Muenchen Bayerische Landesb"]
[BlackTeam "DekaBank DGZ"]
[WhiteTeamCountry "GER"]
[BlackTeamCountry "GER"]

1. d4 g6 2. e4 Bg7 3. c3 d6 4. Nf3 Nf6 5. Nbd2 0-0 6. Bd3 Nfd7 7. 0-0 e5 8. dxe5 dxe5 9. Nc4 h6 10. b4 Re8 11. Ne3 a5 12. Bc4 Nb6 13. Qxd8 Rxd8 14. Ba3 axb4 15. Bxb4 Nxc4 16. Nxc4 Nc6 17. a3 Be6 18. Ne3 Na5 19. Rfd1 Nb3 20. Rxd8+ Rxd8 21. Rb1 c5 22. c4 cxb4 23. Rxb3 bxa3 24. Rxa3 Bxc4 25. h3 Be6 26. Ra5 f6 27. Rb5 Rd7 28. Rb6 Kf7 29. Nh4 Re7 30. g4 Bf8 31. Kg2 h5 32. gxh5 gxh5 33. Nhf5 Rd7 34. Kg3 Bxf5 35. Nxf5 Bc5 36. Rb2 b6 37. Kf3 Rd3+ 38. Kg2 Kg6 39. h4 Rd7 40. Kf3 Ra7 41. Ke2 Ra4 42. f3 Ra7 43. Kd3 Kf7 44. Kc4 Ke6 45. Rb3 Ra1 46. Ng7+ Kf7 47. Nf5 Rh1 48. Kb5 Ke8 49. Rd3 Bf2 1/2-1/2

[Event "Bayern-ch"]
[Site "Rosenheim"]
[Date "2014.08.28"]
[Round "8"]
[White "Stips, Felix"]
[Black "Bintakies, Michael"]
[Result "1-0"]
[WhiteElo "2315"]
[BlackElo "2215"]
[PlyCount "65"]
[EventDate "2014.08.23"]
[EventType "swiss"]
[EventRounds "9"]
[EventCountry "GER"]
[SourceTitle "EXT 2015"]
[Source "ChessBase"]
[SourceDate "2014.11.20"]
[SourceVersion "1"]
[SourceVersionDate "2014.11.20"]
[SourceQuality "1"]

1. Nf3 f5 2. g3 Nf6 3. Bg2 d6 4. d4 e6 5. 0-0 Be7 6. c4 0-0 7. Nc3 Ne4 8. Nxe4 fxe4 9. Nd2 d5 10. f3 Nc6 11. fxe4 Rxf1+ 12. Nxf1 dxc4 13. Be3 Bd7 14. e5 Be8 15. Rc1 b5 16. b3 Ba3 17. Rc2 Rb8 18. bxc4 bxc4 19. Rxc4 Nxe5 20. Ra4 Bb2 21. Rxa7 Ng4 22. d5 Bf7 23. Bd4 Bxd4+ 24. Qxd4 Nf6 25. Qe5 exd5 26. Rxc7 Ra8 27. Rb7 Ne4 28. Bh3 Qf8 29. Ne3 Re8 30. Qf4 g5 31. Qf5 Kh8 32. Rxf7 Qh6 33. Nxd5 1-0

[Event "Bayern-ch"]
[Site "Rosenheim"]
[Date "2014.08.26"]
[Round "6"]
[White "Shashkin, Igor"]
[Black "Bintakies, Michael"]
[Result "1/2-1/2"]
[WhiteElo "2115"]
[BlackElo "2215"]
[PlyCount "131"]
[EventDate "2014.08.23"]
[EventType "swiss"]
[EventRounds "9"]
[EventCountry "GER"]
[SourceTitle "EXT 2015"]
[Source "ChessBase"]
[SourceDate "2014.11.20"]
[SourceVersion "1"]
[SourceVersionDate "2014.11.20"]
[SourceQuality "1"]

1. e4 d5 2. exd5 Qxd5 3. Nc3 Qd6 4. d4 Nf6 5. Nf3 c6 6. Ne5 Nbd7 7. Nc4 Qc7 8. Qf3 Nb6 9. Bf4 Qd8 10. Be5 Bg4 11. Qf4 Be6 12. Bc7 Nbd5 13. Nxd5 Nxd5 14. Bxd8 Nxf4 15. Bc7 Nxg2+ 16. Kd2 Nh4 17. Bd3 g6 18. c3 Bh6+ 19. Ne3 Rc8 20. Bg3 Nf5 21. Ke2 Bxe3 22. Bxf5 Bxf5 23. Kxe3 0-0 24. b4 Rfd8 25. a4 a5 26. Rhc1 b6 27. f3 Rd7 28. bxa5 bxa5 29. c4 Rb7 30. Be1 Rb3+ 31. Rc3 Rb2 32. h4 Ra8 33. Raa3 Rab8 34. Kf4 Be6 35. Rc1 R8b3 36. Rxb3 Rxb3 37. Bxa5 Ra3 38. Bb4 Rxa4 39. Bxe7 Bxc4 40. Bf6 Ra5 41. Be5 Bd5 42. Rb1 Kf8 43. Bf6 Ke8 44. Re1+ Be6 45. Be5 Ke7 46. Kg3 Rd5 47. Rc1 f6 48. Bf4 Kd7 49. Be3 Rb5 50. Rc3 Bd5 51. Ra3 Ke6 52. Kf4 Rb1 53. Bf2 Rf1 54. Re3+ Kf7 55. Kg3 Rd1 56. Ra3 Rf1 57. Re3 h6 58. Re1 Rxe1 59. Bxe1 Ke6 60. Kg4 f5+ 61. Kg3 g5 62. hxg5 hxg5 63. f4 g4 64. Bb4 Bf3 65. Bc5 Kd5 66. Ba7 1/2-1/2

[Event "Bayern-ch"]
[Site "Rosenheim"]
[Date "2014.08.25"]
[Round "4"]
[White "Bintakies, Michael"]
[Black "Heimrath, Reiner"]
[Result "1-0"]
[WhiteElo "2215"]
[BlackElo "2192"]
[PlyCount "135"]
[EventDate "2014.08.23"]
[EventType "swiss"]
[EventRounds "9"]
[EventCountry "GER"]
[SourceTitle "EXT 2015"]
[Source "ChessBase"]
[SourceDate "2014.11.20"]
[SourceVersion "1"]
[SourceVersionDate "2014.11.20"]
[SourceQuality "1"]

1. f4 d6 2. Nf3 Nd7 3. e4 c5 4. Nc3 a6 5. a4 e6 6. Be2 Qc7 7. 0-0 Ngf6 8. Kh1 b6 9. d3 Bb7 10. Be3 Be7 11. Qd2 0-0 12. Bg1 Bc6 13. Nd1 b5 14. axb5 axb5 15. Ne3 d5 16. e5 d4 17. exf6 dxe3 18. Bxe3 Bxf6 19. d4 c4 20. Ne5 Bd5 21. Bf3 Nb6 22. Qe2 Qd6 23. c3 b4 24. Bxd5 exd5 25. Qf3 Ra4 26. Rxa4 Nxa4 27. Bc1 bxc3 28. bxc3 Rb8 29. Bd2 h6 30. Ra1 Rb3 31. h3 Nb6 32. Ra7 Bxe5 33. fxe5 Qg6 34. Re7 Rb2 35. Bc1 Rb1 36. Qf4 Qg5 37. Qxf7+ Kh7 38. Kh2 Rxc1 39. Re8 Rc2 40. Qg8+ Kg6 41. Re6+ Kh5 42. Qf7+ Kh4 43. Qf3 Na4 44. Rd6 Rxc3 45. Qf2+ Qg3+ 46. Qxg3+ Rxg3 47. Rxd5 Re3 48. e6 Nc3 49. g3+ Rxg3 50. Re5 Rxh3+ 51. Kg2 Rg3+ 52. Kf2 Rg4 53. Ke3 Rg3+ 54. Kd2 Nb1+ 55. Kc1 Rg1+ 56. Kc2 Na3+ 57. Kb2 c3+ 58. Kxc3 Rg3+ 59. Kb4 Nc2+ 60. Kc4 Na3+ 61. Kc5 Nb1 62. e7 Rc3+ 63. Kb4 Rc8 64. e8Q Rxe8 65. Rxe8 Nd2 66. d5 Nf3 67. d6 Ng5 68. Re7 1-0

[Event "Bayern-ch"]
[Site "Rosenheim"]
[Date "2014.08.24"]
[Round "2"]
[White "Bintakies, Michael"]
[Black "Hilverda, Alexander"]
[Result "0-1"]
[WhiteElo "2215"]
[BlackElo "2301"]
[PlyCount "76"]
[EventDate "2014.08.23"]
[EventType "swiss"]
[EventRounds "9"]
[EventCountry "GER"]
[SourceTitle "EXT 2015"]
[Source "ChessBase"]
[SourceDate "2014.11.20"]
[SourceVersion "1"]
[SourceVersionDate "2014.11.20"]
[SourceQuality "1"]

1. f4 d5 2. Nf3 Bg4 3. e3 Nd7 4. h3 Bxf3 5. Qxf3 c6 6. d4 e6 7. Bd3 Bd6 8. 0-0 Qe7 9. c4 Ngf6 10. Nc3 0-0 11. c5 Bc7 12. Bd2 a5 13. Be1 b6 14. cxb6 Bxb6 15. Na4 Ba7 16. Rc1 c5 17. dxc5 Nxc5 18. Nxc5 Bxc5 19. Bh4 Rfc8 20. Rc2 Qa7 21. Bxf6 Bxe3+ 22. Kh1 gxf6 23. Re2 d4 24. Qh5 Kf8 25. Qxh7 f5 26. Rd1 Rc5 27. Qh6+ Ke7 28. Qg5+ Kf8 29. Qh6+ Ke8 30. Qh8+ Kd7 31. Qf6 Kc6 32. a4 Kb6 33. b3 Qc7 34. Bc4 Rc8 35. h4 Qxf4 36. h5 Rg8 37. Bxe6 fxe6 38. Rxe3 Qxe3 0-1

[Event "Bayern-ch"]
[Site "Rosenheim"]
[Date "2014.08.24"]
[Round "3"]
[White "Blodig, Constantin"]
[Black "Bintakies, Michael"]
[Result "0-1"]
[WhiteElo "1939"]
[BlackElo "2215"]
[PlyCount "80"]
[EventDate "2014.08.23"]
[EventType "swiss"]
[EventRounds "9"]
[EventCountry "GER"]
[SourceTitle "EXT 2015"]
[Source "ChessBase"]
[SourceDate "2014.11.20"]
[SourceVersion "1"]
[SourceVersionDate "2014.11.20"]
[SourceQuality "1"]

1. e4 d5 2. exd5 Qxd5 3. Nc3 Qd6 4. d4 Nf6 5. Nf3 c6 6. Ne5 Nbd7 7. f4 Nb6 8. g4 Nbd5 9. Bg2 g6 10. g5 Nxc3 11. bxc3 Nd7 12. 0-0 Nxe5 13. fxe5 Qc7 14. Qe2 h6 15. c4 hxg5 16. d5 Bg7 17. d6 Qa5 18. Re1 exd6 19. exd6+ Be6 20. d7+ Kxd7 21. Rb1 Kc7 22. Qe4 Qc5+ 23. Be3 Qxc4 24. Bxg5 Qxe4 25. Bxe4 Rae8 26. Bf4+ Kc8 27. Bxc6 Bd4+ 28. Kg2 bxc6 29. Rb8+ Kd7 30. Rb7+ Kd8 31. Rd1 c5 32. Rxa7 Bd5+ 33. Kg3 Re2 34. h4 Rxc2 35. Be3 Rc3 36. Kf4 Rxe3 37. Rb1 Rxh4+ 38. Kg5 Rh5+ 39. Kg4 f5+ 40. Kf4 Rf3# 0-1